| 000 | 01112cam a22003494a 4500 | ||
|---|---|---|---|
| 001 | 4167 | ||
| 003 | FISKH | ||
| 005 | 20240624144709.0 | ||
| 008 | 040923s2005 nyua j 000 0 eng | ||
| 010 | _a 2004022466 | ||
| 020 | _a0060544589 | ||
| 020 | _a9780439866675 | ||
| 020 | _a0060544570 (lib. bdg.) | ||
| 040 |
_aDLC _cDLC _dDLC _beng |
||
| 042 | _apcc | ||
| 050 | _aQL638.T49 | ||
| 082 | _a597.3 | ||
| 100 | 1 | _aThomson, Sarah L. | |
| 245 | 1 | 0 |
_aAmazing sharks! / _cwritten by Sarah L. Thomson ; photographs provided by the Wildlife Conservation Society. |
| 250 | _aFirst Scholastic printing, October 2006 | ||
| 260 |
_aNew York : _bScholastic, _c2005. |
||
| 300 |
_a32 pages : _bcolor illustrations ; _c23 cm |
||
| 440 | 3 | _aAn I can read book | |
| 505 | _aN | ||
| 520 | _aText and photographs describe sharks--their different types, behavior, and threats to their survival. | ||
| 521 | 8 |
_a570
_bLexile |
|
| 521 | 8 |
_aN
_bRaz-Plus |
|
| 650 | 0 |
_aSharks _vJuvenile literature. |
|
| 906 |
_a7 _bcbc _corignew _d1 _eecip _f20 _gy-gencatlg |
||
| 942 |
_2ddc _cBK _n0 |
||
| 999 |
_c4167 _d4167 |
||